Statistiques concernant Mots cachés n°21

Cliquez ici pour prendre le quiz!

Statistiques générales

  • Ce quiz a été pris 95 fois
  • Le résultat moyen est 24 sur 25

Statistiques - réponses

QuestionTuileSelect% Correct
chien, clef, crabe et luneONon
100%
chien, clef, crabe et luneONon
100%
chien, clef, crabe et lunePNon
100%
chien, clef, crabe et luneROui
100%
chien, clef, crabe et luneSNon
100%
chien, clef, crabe et luneLNon
99%
chien, clef, crabe et luneLNon
99%
chien, clef, crabe et luneONon
99%
chien, clef, crabe et luneONon
99%
chien, clef, crabe et luneAOui
98%
chien, clef, crabe et luneCOui
98%
chien, clef, crabe et luneLOui
98%
chien, clef, crabe et luneBOui
97%
chien, clef, crabe et luneEOui
97%
chien, clef, crabe et luneEOui
97%
chien, clef, crabe et luneHOui
97%
chien, clef, crabe et luneNOui
97%
chien, clef, crabe et luneNNon
97%
chien, clef, crabe et luneEOui
95%
chien, clef, crabe et luneIOui
95%
chien, clef, crabe et luneUNon
95%
chien, clef, crabe et luneLOui
94%
chien, clef, crabe et luneUOui
94%
chien, clef, crabe et luneFOui
93%
chien, clef, crabe et luneNOui
93%

Distribution des résultats

Percentile par nombre de réponses

% des personnes avec chaque résultat

Votre développement - résultats

Vous n’avez pas pris ce quiz